| 000 | 00691nam a2200193 a 4500 | ||
|---|---|---|---|
| 005 | 20210223120436.0 | ||
| 008 | 991125s1955 mx 000 0 spa u | ||
| 035 | _aUPN01000001300 | ||
| 049 | _aC | ||
| 050 | 4 |
_aHA762 A4 _bA5.3 1955 |
|
| 110 | 2 |
_aAlmacenes Nacionales de Depósito (México) _928448 |
|
| 245 | 1 | 0 |
_aAguascalientes : _besquema social y económico / _cAlmacenes Nacionales de Depósito. |
| 260 |
_aMéxico : _bANDSA, _c1955. |
||
| 300 | _a18 p., [1] h. pleg. | ||
| 500 | _aDisponible en la Colección Medina | ||
| 651 | 4 |
_aAGUASCALIENTES - _xCONDICIONES ECONOMICAS - _vESTADISTICA _91911 |
|
| 651 | 4 |
_aAGUASCALIENTES - _xCONDICIONES SOCIALES - _vESTADISTICA _91914 |
|
| 905 | _aLibro | ||
| 999 |
_c1300 _d1300 |
||